Informačný systém manažmentu

Chápanie pojmu manažérsky informačný systém (MIS). Zaplavenie manažérov informáciami. Informačné služby pre manažérov. Možnosti využitia počítačov na všetkých manažérskych úrovniach.

Guardado en:
Detalles Bibliográficos
Formato: Capítulo de libro
Lenguaje:eslovaco
Materias:
Etiquetas: Agregar Etiqueta
Sin Etiquetas, Sea el primero en etiquetar este registro!

MARC

LEADER 00000naa a2200000 4500
001 r035523
005 20230824101208.6
041 0 |a slo 
044 |a SK 
245 1 0 |a Informačný systém manažmentu 
520 |a Chápanie pojmu manažérsky informačný systém (MIS). Zaplavenie manažérov informáciami. Informačné služby pre manažérov. Možnosti využitia počítačov na všetkých manažérskych úrovniach. 
610 2 0 |a systémy informačné manažérske 
610 2 0 |a manažéri 
610 2 0 |a informácie 
610 2 0 |a technika výpočtová 
610 2 0 |a spracovanie dát